| 000 | 00776nam a2200229Ii 4500 | ||
|---|---|---|---|
| 003 | JO-AjNU | ||
| 008 | 230605s9999||||xx |||||||||||||| ||und|| | ||
| 017 | _a2004/8/2065 | ||
| 020 | _a9957-11-565-0 | ||
| 040 |
_aJO-AjNU _bara _erda _cJO-AjNU |
||
| 041 | _aara | ||
| 050 | 1 | 4 | _aT58.6Z33 2005 |
| 100 | 3 |
_aالزعبي،حسن علي, _eauthor _929442 |
|
| 245 | 0 | 0 | _aنظم المعلومات الاستراتيجية :مدخل استراتيجي |
| 250 | _aط1 | ||
| 264 | 3 | 1 | _aعمان:دار وائل للنشر ،2005 |
| 300 | _a198ص | ||
| 336 |
_atext _btxt _2rdacontent |
||
| 337 |
_aunmediated _bn _2rdamedia |
||
| 338 |
_avolume _bnc _2rdacarrier |
||
| 650 | 4 |
_aنظم المعلومات الاستراتيجية -التخطيط الاستراتيجي _929443 |
|
| 999 |
_aA11550 _c15118 _d15118 |
||